[Event "Dublin Super Cup U19"]
[Site "Dublin"]
[Date "2018.10.21"]
[Round "3.1"]
[White "Scott, Luke"]
[Black "Sheehy, Padraig"]
[Result "1-0"]
[WhiteElo "1879"]
[BlackElo "1759"]
[PlyCount "69"]
[EventDate "2018.10.20"]
[EventType "tourn"]
[EventRounds "7"]
[EventCountry "IRL"]
[SourceTitle "EXT 2023"]
[Source "ChessBase"]
[SourceDate "2022.10.05"]
[SourceVersion "1"]
[SourceVersionDate "2022.10.05"]
[SourceQuality "1"]

1. d4 d5 2. c4 e6 3. Nc3 Nf6 4. cxd5 exd5 5. Bg5 Be7 6. e3 c6 7. Bd3 Nbd7 8. Nge2 Nh5 9. Bxe7 Qxe7 10. g4 Nhf6 11. Ng3 Nb6 12. g5 Ng4 13. Nf5 Bxf5 14. Bxf5 Nxe3 15. fxe3 Qxe3+ 16. Qe2 Qxe2+ 17. Kxe2 g6 18. Bd3 h6 19. h4 hxg5 20. hxg5 Ke7 21. Raf1 Nd7 22. Kd2 Rh5 23. Rxh5 gxh5 24. Rh1 Rh8 25. Rh4 Nf8 26. Bf5 Ng6 27. Bxg6 fxg6 28. Ne2 Ke6 29. Rf4 Rg8 30. Ke3 Rg7 31. Rf6+ Kd7 32. Nf4 h4 33. Nxg6 h3 34. Kf3 Rh7 35. Nf8+ 1-0

[Event "Gonzaga Masters"]
[Site "Dublin"]
[Date "2016.01.23"]
[Round "3"]
[White "Sheehy, Padraig"]
[Black "Pocevicius, Dovydas"]
[Result "1/2-1/2"]
[WhiteElo "1826"]
[BlackElo "1587"]
[PlyCount "120"]
[EventDate "2016.01.22"]
[EventType "swiss"]
[EventRounds "5"]
[EventCountry "IRL"]
[SourceTitle "EXT 2023"]
[Source "ChessBase"]
[SourceDate "2022.10.05"]
[SourceVersion "1"]
[SourceVersionDate "2022.10.05"]
[SourceQuality "1"]

1. e4 Nc6 2. Nf3 f5 3. Nc3 fxe4 4. Nxe4 d5 5. Ng3 e5 6. Bb5 Bg4 7. h3 Bxf3 8. Qxf3 Nf6 9. d3 Bc5 10. Be3 Bxe3 11. Bxc6+ bxc6 12. Qxe3 0-0 13. 0-0 Nd7 14. f4 exf4 15. Rxf4 Rxf4 16. Qxf4 Nf6 17. Re1 Qd6 18. Qxd6 cxd6 19. Nf5 g6 20. Ne7+ Kf7 21. Nxc6 Rc8 22. Nd4 Rb8 23. b3 Rb7 24. Re2 Nd7 25. Nc6 Rc7 26. Re7+ Kf6 27. Rxh7 Rxc6 28. Rxd7 Rxc2 29. Rxd6+ Ke5 30. Ra6 Rd2 31. Kf1 Rxd3 32. Rxg6 Rc3 33. h4 d4 34. Ke2 Rc2+ 35. Kd3 Rxa2 36. Rg5+ Kf6 37. Kxd4 a5 38. g4 a4 39. bxa4 Rxa4+ 40. Kc3 Ra3+ 41. Kb2 Rh3 42. Rf5+ Ke6 43. h5 Rh4 44. Rf4 Ke5 45. Rb4 Rh3 46. Kc2 Kf6 47. Kd2 Kg5 48. Ke2 Rh2+ 49. Kf3 Rh3+ 50. Kf2 Rc3 51. Re4 Rh3 52. Re3 Rh4 53. Re4 Rh3 54. Kg2 Rd3 55. Re5+ Kxg4 56. h6 Rg3+ 57. Kf2 Rf3+ 58. Ke2 Rh3 59. Re6 Kg5 60. Re8 Rxh6 1/2-1/2